Estructuras Metálicas
| Autor principal: | |
|---|---|
| Formato: | Desconocido |
| Idioma: | Indeterminado |
| Publicado: |
Argentina
Argentina
2020-05-30 10:13:00
|
| Acceso en línea: | Texto completo |
MARC
| LEADER | 00000 a2200000 4500 | ||
|---|---|---|---|
| 001 | ALPHAC_441639 | ||
| 003 | XX-XxUND | ||
| 008 | s2020 xx |||||||||||| ||||und d | ||
| 020 | |a 9789874491015 | ||
| 035 | |a 9789874491015 | ||
| 100 | 1 | |a Troglia, G. |e author | |
| 245 | 1 | |a Estructuras Metálicas | |
| 260 | |a Argentina |b Argentina |c 2020-05-30 10:13:00 | ||
| 300 | |a 110 | ||
| 754 | 1 | |a category |c Ingenierías | |
| 856 | 4 | |u https://alphaeditorialcloud.uam.elogim.com/reader/estructuras-metalicas-1620918972 |z Texto completo | |


